| 000 | 00866nam a2200253Ia 4500 | ||
|---|---|---|---|
| 003 | OSt | ||
| 005 | 20221005062208.0 | ||
| 006 | a|||||r|||| 00| 0 | ||
| 007 | ta | ||
| 008 | 221004b |||||||| |||| 00| 0 eng d | ||
| 020 |
_a9780415393140 (hbk) _c4839.25 |
||
| 024 | _a95373 | ||
| 037 |
_b3505, 24/03/2009, Bharat Scientific Syndicate _cTextual |
||
| 040 |
_aCRL _cCRL _beng |
||
| 041 |
_2eng _aeng |
||
| 082 | _aV:(Z,171), P6 | ||
| 100 |
_aMalmvig Helle _9601548 |
||
| 245 | 0 |
_aState sovereignty and intervention _b A discourse analysis of interventionary and non-interventionary practices in Kosovo and Algeria |
|
| 260 |
_aLondon _bRoutledge UK _c2006 |
||
| 300 |
_axxiv,199p. _ccm. |
||
| 650 | _aHISTORY | ||
| 942 |
_hV:(Z,171), P6 _cTEXL _2cc |
||
| 999 |
_c969347 _d969347 |
||